|
|
|
|
| LEADER |
01278nam a2200277 a 4500 |
| 001 |
012561053-X |
| 008 |
100206s2010 enkab b 001 0 eng d |
| 020 |
|
|
|a 9780415585736
|
| 020 |
|
|
|a 0415585732
|
| 040 |
|
|
|a BTCTA
|b eng
|c BTCTA
|d YDXCP
|d JHE
|d BD-DhAAL
|
| 082 |
0 |
4 |
|a 339.5
|2 22
|
| 245 |
0 |
0 |
|a Social protection as development policy :
|b Asian perspectives /
|c editors, Sarah Cook and Naila Kabeer .
|
| 260 |
|
|
|a London ;
|a New York ;
|a New Delhi :
|b Routledge,
|c 2010.
|
| 300 |
|
|
|a xxiv, 371 p. :
|b ill., maps ;
|c 22cm.
|
| 504 |
|
|
|a Includes bibliographical references and index.
|
| 541 |
1 |
|
|e 00021880
|
| 650 |
|
0 |
|a Human services
|z Asia.
|
| 650 |
|
0 |
|a Public welfare
|z Asia.
|
| 650 |
|
0 |
|a Economic development
|z Asia.
|
| 651 |
|
0 |
|a Asia
|x Economic conditions
|y 21st century.
|
| 700 |
1 |
|
|a Cook, Sarah,
|d 1961-
|
| 700 |
1 |
|
|a Kabeer, Naila.
|
| 852 |
|
|
|a Ayesha Abed Library
|c General Shelf.
|
| 999 |
|
|
|c 10428
|d 10428
|
| 952 |
|
|
|0 0
|1 0
|2 ddc
|4 0
|6 339_500000000000000_SOC
|7 0
|9 14333
|a BRACUL
|b BRACUL
|c GEN
|d 2011-02-06
|e Karim International
|g 1390.00
|l 0
|o 339.5 SOC
|p 3010021880
|r 2011-02-06
|t 1
|w 2011-02-06
|y BK
|
| 952 |
|
|
|0 0
|1 0
|2 ddc
|4 0
|6 339_500000000000000_SOC
|7 0
|9 15847
|a BRACUL
|b BRACUL
|c GEN
|d 2011-03-24
|e Karim Internatinal
|g 1390.00
|l 0
|o 339.5 SOC
|p 3010022250
|r 2011-03-24
|t 2
|w 2011-03-24
|y BK
|